Estatísticas para Friends Quiz

Clique aqui para jogar o quiz

Estatísticas Gerais

  • Esse quiz foi jogado 11 vezes
  • A pontuação média é 9 de 15

Estatísticas das Respostas

PerguntasRespostas% Correto
Nome inteiro do ChandlerChandler Muriel Bing
100%
Nome inteiro da MonicaMonica Elizabeth Geller
100%
Nome inteiro do RossRoss Eustace Geller
100%
Filho do Ross e RachelEmma
89%
Em qual cidade se passa a serie?Nova York
89%
Nome inteiro da RachelRachel Karen Green
89%
Nome inteiro da PhoebePhoebe Buffay
78%
Nome inteiro do JoeyJoseph Francis Tribianni
56%
Nome do macaco do RossMarcel
56%
Quantas irmas Joey tem?Sete
56%
Serie onde Joey trabalha com Dr.Drake RemorayDays Of Our Lives
44%
Oque acontece entre Ross e Rachel na T2?Namoro
33%
Para qual cidade Rachel iria viajar em sua lua de mel?Grecia
22%
*Qual o trabalho do Chandler segundo a Rachel?Transporto
22%
*Qual o trabalho do Chandler?análise estatística e reconfiguração de dados
11%

Distribuição das Pontuações

Percentil de Números Respondidos

Porcentagem de Pessoas com Cada Pontuação

Sua Pontuação Histórica

Você não jogou esse quiz